La telenovela: un género en transformación /

Na minha lista:
Detalhes bibliográficos
Autor principal: Medina Cano, Federico
Formato: Texto
Tags: Adicionar Tag
Sem tags, seja o primeiro a adicionar uma tag!

MARC

LEADER 00000 a a2200000 04500
001 46676
003
040
100 |a Medina Cano, Federico  
245 |a La telenovela:   |b un género en transformación /  |c Federico Medina Cano  
773 |g número28 ( , 2011), páginas 81-101  
999 |c 39159  |d 39159